Study on the pattern of occurrence of Corynespora cassiicola leaf fall and Colletotrichum leaf spot disease of Hevea in rubber plantations of Coastal Karnataka (Record no. 52636)

MARC details
000 -LEADER
fixed length control field 00779nam a2200205Ia 4500
100 ## - MAIN ENTRY--AUTHOR NAME
Personal name Manju M.J.
245 #0 - TITLE STATEMENT
Title Study on the pattern of occurrence of Corynespora cassiicola leaf fall and Colletotrichum leaf spot disease of Hevea in rubber plantations of Coastal Karnataka
260 ## - PUBLICATION, DISTRIBUTION, ETC. (IMPRINT)
Name of publisher Asian Congress of Mycology and Plant Pathology, 1-4 October 2002, Indian Society of Mycology and Plant Pathology, Manasagangotri, University of Mysore, Mysore, India
Year of publication 2002
650 ## - SUBJECT ADDED ENTRY--TOPICAL TERM
Topical Term Colletotrichum
650 ## - SUBJECT ADDED ENTRY--TOPICAL TERM
Topical Term Corynespora cassiicola
650 ## - SUBJECT ADDED ENTRY--TOPICAL TERM
Topical Term Karnataka
650 ## - SUBJECT ADDED ENTRY--TOPICAL TERM
Topical Term Leaf fall
650 ## - SUBJECT ADDED ENTRY--TOPICAL TERM
Topical Term Leaf spot
700 ## - ADDED ENTRY--PERSONAL NAME
Personal name Idicula S.P.
700 ## - ADDED ENTRY--PERSONAL NAME
Personal name Jacob C.K.
700 ## - ADDED ENTRY--PERSONAL NAME
Personal name Suryakumar M.
700 ## - ADDED ENTRY--PERSONAL NAME
Personal name Vinod K.K.
942 ## - ADDED ENTRY ELEMENTS (KOHA)
Koha item type Bibliography STAF
Holdings
Withdrawn status Lost status Damaged status Not for loan Home library Current library Date acquired Koha item type
      Bibliography RRII Library RRII Library 09/04/2014 Bibliography STAF